000 00635nam a22002177a 4500
003 UA-OsUOA
001 48246
007 ta
008 20070831b un ||||| |||| 00| 0 ukr d
090 _a821.161.1
942 _cBK
040 _aUA-OsUOA
_bukr
_cUA-OsUOA
_dUA-OsUOA
245 _aИзбранные социально-политические и философские произведения Декабристов
_b2
300 _a566 с.
955 _a2
041 _aukr
080 _a821.161.1
260 _aМ.
_c1951
650 7 _a82 Література. Літературознавство
_2UDC
999 _c334349
_d334349